Všeobecná ekonomická rovnováha a jej tvorba v jednoduchej uzavretej ekonomike
Pri mikroekonomickom uvažovaní sa predpokladá s rovnováhou na jednotlivých trhoch v hospodárstve. Dopyt a ponuka na všetkých uvažovaných trhoch. Všeobecná rovnováha na dvoch a viacerých trhoch. Rovnováha v jednoduchej ekonomike.
Uložené v:
| Hlavný autor: | |
|---|---|
| Ďalší autori: | |
| Médium: | Kapitola |
| Jazyk: | Slovak |
| Predmet: | |
| Tagy: |
Žiadne tagy, Buďte prvý, kto otaguje tento záznam!
|
MARC
| LEADER | 00000nla$a2200000$$$4500 | ||
|---|---|---|---|
| 001 | 0146977 | ||
| 005 | 20240502072644.6 | ||
| 041 | 0 | |a slo | |
| 044 | |a SK | ||
| 245 | 1 | 0 | |a Všeobecná ekonomická rovnováha a jej tvorba v jednoduchej uzavretej ekonomike |c Nora Grisáková, Jakub Kintler |
| 520 | |a Pri mikroekonomickom uvažovaní sa predpokladá s rovnováhou na jednotlivých trhoch v hospodárstve. Dopyt a ponuka na všetkých uvažovaných trhoch. Všeobecná rovnováha na dvoch a viacerých trhoch. Rovnováha v jednoduchej ekonomike. | ||
| 610 | 2 | 0 | |a mikroekonomika |
| 610 | 2 | 0 | |a vzťahy trhové |
| 610 | 2 | 0 | |a rovnováha trhová |
| 610 | 2 | 0 | |a produkt rovnovážny |
| 610 | 2 | 0 | |a proporcie mikroekonomické |
| 610 | 2 | 0 | |a teória rovnováhy ekonomickej |
| 610 | 2 | 0 | |a dopyt |
| 610 | 2 | 0 | |a ponuka |
| 100 | 1 | |a Grisáková, Nora, 1978- | |
| 700 | 1 | |a Kintler, Jakub, 1979- | |